[Event "10th Panam-ch (w)"]
[Site "Montevideo URU"]
[Date "2012.11.24"]
[Round "1"]
[White "Nunez Marquina, Nataly Massiel"]
[Black "Fierro Baquero, Martha"]
[Result "0-1"]
[WhiteElo "1933"]
[BlackElo "2364"]
[EventDate "2012.11.24"]
[PlyCount "126"]

1.e4 c5 2.Nf3 g6 3.d4 cxd4 4.Nxd4 Nc6 5.Nc3 Bg7 6.Be3 Nf6 7.Bc4 d6 8.Bb3 
O-O 9.f3 Bd7 10.Qd2 Nxd4 11.Bxd4 b5 12.Nd5 Nxd5 13.Bxg7 Kxg7 14.Bxd5 Rc8 
15.O-O-O a5 16.a3 Rc5 17.h4 h5 18.g4 Rh8 19.Qf4 Be8 20.g5 Qc7 21.Rh2 b4 
22.axb4 axb4 23.Kb1 Ra5 24.Qe3 Bd7 25.c3 Rb8 26.cxb4 Rxb4 27.Rc1 Qb8 28.
Qc3+ Kg8 29.Qc7 Ra7 30.Qxb8+ Rxb8 31.Rhc2 e6 32.Bc6 Kf8 33.Bxd7 Rxd7 34.
Rc8+ Rxc8 35.Rxc8+ Ke7 36.Kc2 d5 37.e5 Ra7 38.Rb8 Kd7 39.Rf8 Kc6 40.Kc3 
Rc7 41.Kb4 Rb7+ 42.Kc3 Kc5 43.Rc8+ Kb6 44.Rf8 Rc7+ 45.Kd3 Kc5 46.Rb8 Ra7 
47.Rc8+ Kb6 48.Rb8+ Kc6 49.Rf8 Rc7 50.Rb8 Kd7 51.Rf8 Ke7 52.Ra8 Rc4 53.
Ra7+ Ke8 54.Ra8+ Ke7 55.Ra7+ Kf8 56.Ra8+ Kg7 57.Rb8 Rxh4 58.b4 Rh1 59.Ke2 
Rg1 60.f4 h4 61.Kf2 Rg4 62.b5 Rxf4+ 63.Kg2 Rg4+ 0-1

[Event "10th Panam-ch (w)"]
[Site "Montevideo URU"]
[Date "2012.11.24"]
[Round "1"]
[White "Feliciano Ebert, Vanessa"]
[Black "Silva Rosas, Natalia"]
[Result "0-1"]
[WhiteElo "2267"]
[BlackElo "1924"]
[EventDate "2012.11.24"]
[PlyCount "62"]

1.d4 f5 2.Bg5 Nf6 3.Bxf6 exf6 4.e3 Nc6 5.Ne2 g6 6.h4 Bh6 7.c4 d6 8.Nbc3 
O-O 9.h5 g5 10.Qd2 Bd7 11.d5 Ne5 12.Nd4 c5 13.dxc6 bxc6 14.Be2 Qe8 15.Qc2 
f4 16.exf4 gxf4 17.O-O f5 18.Rad1 Ng4 19.Nf3 Rf6 20.Qd3 Qxh5 21.Nd5 Raf8 
22.Nxf6+ Rxf6 23.Qb3 c5 24.Qb7 Bf8 25.Nh4 Qxh4 26.Bxg4 fxg4 27.Rfe1 Rh6 
28.Kf1 f3 29.gxf3 gxf3 30.Qd5+ Be6 31.Qxf3 Bh3+ 0-1

[Event "10th Panam-ch (w)"]
[Site "Montevideo URU"]
[Date "2012.11.24"]
[Round "1"]
[White "Aliaga Fernandez, Ingrid"]
[Black "De Leon De San Vicente, Patricia"]
[Result "1-0"]
[WhiteElo "2175"]
[BlackElo "1847"]
[EventDate "2012.11.24"]
[PlyCount "65"]

1.e4 e6 2.d4 d5 3.Nc3 b6 4.e5 Bb4 5.Qg4 Bf8 6.Nf3 Qd7 7.h4 h5 8.Qf4 Ba6 9.
Bxa6 Nxa6 10.a3 O-O-O 11.Bd2 Kb7 12.O-O Nh6 13.b4 c6 14.Rfb1 Nc7 15.a4 Nf5
16.b5 c5 17.dxc5 Bxc5 18.a5 f6 19.Na4 Qe7 20.Nxc5+ Qxc5 21.Qa4 d4 22.axb6 
axb6 23.Qa7+ Kc8 24.Bb4 Qd5 25.Qxb6 fxe5 26.Ra7 Rd7 27.Ba5 Qd6 28.Qxd6 
Nxd6 29.Nxe5 Ndxb5 30.Rxb5 Nxb5 31.Rxd7 Rf8 32.Rxg7 Rf5 33.Rg5 1-0

[Event "10th Panam-ch (w)"]
[Site "Montevideo URU"]
[Date "2012.11.24"]
[Round "1"]
[White "De San Vicente Yanes, Sabrina"]
[Black "Colombo Sere, Camila"]
[Result "0-1"]
[WhiteElo "1748"]
[BlackElo "2090"]
[EventDate "2012.11.24"]
[PlyCount "71"]

1.d4 Nf6 2.c4 g6 3.Nc3 Bg7 4.e4 d6 5.f3 O-O 6.Be3 e5 7.d5 Nh5 8.Qd2 c6 9.
Bd3 Nf4 10.Bxf4 exf4 11.Qxf4 cxd5 12.cxd5 Qb6 13.Qc1 Nd7 14.Nge2 Ne5 15.
Qd2 Qxb2 16.Rb1 Nxd3+ 17.Qxd3 Bxc3+ 18.Nxc3 Qxg2 19.Qf1 Qc2 20.Rb3 f5 21.
Qe2 Qc1+ 22.Nd1 fxe4 23.fxe4 Qf4 24.Nf2 Qc1+ 25.Nd1 b6 26.Rc3 Qf4 27.Nf2 
a5 28.O-O Ba6 29.Nd3 Qg5+ 30.Kh1 Rxf1+ 31.Qxf1 Qe3 32.Qe1 Qf3+ 33.Kg1 Bxd3
34.Qc1 Qg4+ 35.Kf2 Rf8+ 36.Ke3 0-1

[Event "10th Panam-ch (w)"]
[Site "Montevideo URU"]
[Date "2012.11.24"]
[Round "1"]
[White "Martinez, Ayelen"]
[Black "Besso, Guadalupe"]
[Result "1/2-1/2"]
[WhiteElo "2088"]
[BlackElo "1744"]
[EventDate "2012.11.24"]
[PlyCount "73"]

1.e4 c5 2.Nf3 d6 3.Bb5+ Bd7 4.Bxd7+ Qxd7 5.O-O Nc6 6.c3 Nf6 7.Qe2 g6 8.d4 
cxd4 9.cxd4 Bg7 10.d5 Nb4 11.Nc3 O-O 12.h3 Rfc8 13.Be3 Na6 14.Bd4 Nc5 15.
b4 Na4 16.Nb1 Rc7 17.Nbd2 Rac8 18.Qd3 b6 19.Rfe1 Nc3 20.Nb3 Qa4 21.g4 Qxb4
22.g5 Nd7 23.Bxg7 Kxg7 24.Nbd4 Nb8 25.Qd2 Rc4 26.a3 Qc5 27.h4 Qc7 28.e5 
dxe5 29.Nxe5 Qd6 30.Qf4 Qxd5 31.Nxc4 Rxc4 32.Qxb8 Qxd4 33.Qe5+ Qxe5 34.
Rxe5 Rxh4 35.Rc1 Rg4+ 36.Kf1 Na4 37.Rc7 1/2-1/2

[Event "10th Panam-ch (w)"]
[Site "Montevideo URU"]
[Date "2012.11.24"]
[Round "1"]
[White "De Leon, Daiana"]
[Black "Vargas Talavera, Gabriela"]
[Result "0-1"]
[WhiteElo "1723"]
[BlackElo "2055"]
[EventDate "2012.11.24"]
[PlyCount "78"]

1.d4 d5 2.c4 c6 3.Nc3 Nf6 4.Nf3 a6 5.Bg5 Ne4 6.Bf4 Nxc3 7.bxc3 dxc4 8.e4 
b5 9.Be2 g6 10.O-O Bg7 11.Qd2 Nd7 12.Bh6 O-O 13.h4 Nf6 14.Bxg7 Kxg7 15.Qc2
Qc7 16.Rab1 Qf4 17.e5 Nd5 18.g3 Bf5 19.Qc1 Qxc1 20.Rbxc1 Bg4 21.Rfe1 Bxf3 
22.Bxf3 e6 23.Kg2 Rab8 24.a3 Rfd8 25.Red1 Rbc8 26.Bxd5 Rxd5 27.Rd2 Rcd8 
28.Kf3 Rxe5 29.Rcd1 Red5 30.Ke3 Kf8 31.f3 Ke7 32.Ke4 c5 33.Ke3 cxd4+ 34.
Rxd4 Rxd4 35.Rxd4 Rxd4 36.Kxd4 Kd6 37.f4 f5 38.a4 bxa4 39.Kxc4 a5 0-1

[Event "10th Panam-ch (w)"]
[Site "Montevideo URU"]
[Date "2012.11.24"]
[Round "1"]
[White "Abarca Gonzalez, Damaris"]
[Black "De Leon De San Vicente, Veronica"]
[Result "1-0"]
[WhiteElo "2047"]
[BlackElo "1690"]
[EventDate "2012.11.24"]
[PlyCount "71"]

1.e4 e5 2.Nf3 Nf6 3.Nc3 Nc6 4.Be2 Bb4 5.d3 O-O 6.O-O d6 7.a3 Ba5 8.b4 Bb6 
9.Bg5 Be6 10.Na4 Qe7 11.Nxb6 axb6 12.d4 exd4 13.Nxd4 Bd7 14.f3 Qe5 15.Be3 
Rfe8 16.Nxc6 Bxc6 17.Qd2 Qh5 18.Bd4 Nd7 19.b5 Bxb5 20.g4 Qg6 21.Bxb5 c6 
22.Bd3 Ne5 23.h3 b5 24.f4 c5 25.Be3 Nxd3 26.cxd3 Qe6 27.Qb2 Qe7 28.Rfb1 
Ra5 29.Bd2 b4 30.axb4 Rb5 31.Bc3 f6 32.Ra5 Rb6 33.Qb3+ Kf8 34.b5 Rd8 35.
Ra2 d5 36.Ba5 1-0

[Event "10th Panam-ch (w)"]
[Site "Montevideo URU"]
[Date "2012.11.24"]
[Round "1"]
[White "Costa Pasarello, Anaclara"]
[Black "Casusol Guzman, Cecilia Orilia"]
[Result "0-1"]
[WhiteElo "1670"]
[BlackElo "1991"]
[EventDate "2012.11.24"]
[PlyCount "74"]

1.d4 Nf6 2.c4 g6 3.f3 Bg7 4.e4 d6 5.Be3 O-O 6.Bd3 c5 7.Ne2 Nc6 8.Nbc3 Ng4 
9.Bg1 cxd4 10.Nxd4 Nxd4 11.fxg4 Qa5 12.Be3 Be6 13.O-O Nc6 14.Nd5 Rfe8 15.
Bd2 Qc5+ 16.Kh1 Ne5 17.Be3 Qc8 18.Rc1 Bxg4 19.Qd2 Be6 20.c5 Qd7 21.cxd6 
Bxd5 22.exd5 Qxd6 23.Bb5 Red8 24.Bf4 Qxd5 25.Qxd5 Rxd5 26.Bc4 Nxc4 27.Rxc4
Rad8 28.h3 b6 29.Rc7 R5d7 30.Rc2 Rd1 31.Rxd1 Rxd1+ 32.Kh2 Bd4 33.Bh6 Bg1+ 
34.Kg3 Rd3+ 35.Kh4 Bc5 36.g4 f6 37.a3 g5+ 0-1

[Event "10th Panam-ch (w)"]
[Site "Montevideo URU"]
[Date "2012.11.24"]
[Round "1"]
[White "Perez Cardozo, Cecilia Manuela"]
[Black "Felix Vega, Aurora Edith"]
[Result "0-1"]
[WhiteElo "1603"]
[BlackElo "1963"]
[EventDate "2012.11.24"]
[PlyCount "80"]

1.d4 Nf6 2.Nf3 g6 3.c4 Bg7 4.Nc3 O-O 5.Bg5 h6 6.Bf4 Nh5 7.Bg3 d6 8.e3 Nd7 
9.Be2 c5 10.O-O b6 11.Rb1 Bb7 12.d5 Nxg3 13.hxg3 a6 14.Qc2 Qc7 15.Bd3 Nf6 
16.Nd2 b5 17.b3 b4 18.Nce4 Nd7 19.f4 Bc8 20.Nf3 Re8 21.Rbd1 Nf8 22.Nf2 a5 
23.Rfe1 a4 24.e4 axb3 25.axb3 Bc3 26.Re2 e5 27.Rc1 Ra3 28.Nd1 Ba1 29.Qb1 
Bg4 30.Ra2 Bxf3 31.Rxa3 Bd4+ 32.Nf2 bxa3 33.gxf3 exf4 34.gxf4 Qe7 35.Rc2 
Qh4 36.Qf1 Ra8 37.Ra2 Qg3+ 38.Qg2 Bxf2+ 39.Kf1 Qxg2+ 40.Kxg2 Bd4 0-1

[Event "10th Panam-ch (w)"]
[Site "Montevideo URU"]
[Date "2012.11.24"]
[Round "1"]
[White "Sanchez Zambrano, Vanessa"]
[Black "Miraballes Lopez, Carol"]
[Result "1-0"]
[WhiteElo "1942"]
[BlackElo "1568"]
[EventDate "2012.11.24"]
[PlyCount "57"]

1.d4 d5 2.c4 e6 3.Nf3 Bd6 4.c5 Be7 5.Bf4 b6 6.cxb6 axb6 7.e3 Nf6 8.Qc2 Bd6
9.Ne5 Bb7 10.Bb5+ Nfd7 11.Nd2 Bxe5 12.Bxe5 f6 13.Bxc7 Qc8 14.O-O Ra5 15.a4
Ba6 16.Bxd7+ Nxd7 17.Rfc1 Bb7 18.b4 Ra7 19.Qb3 Qa8 20.Bd6 b5 21.a5 Ra6 22.
Bc7 O-O 23.Qd3 Rc8 24.Nb3 Rc6 25.Rxc6 Bxc6 26.Bd6 Qa6 27.Rc1 e5 28.Qf5 Bb7
29.Qxd7 1-0

[Event "10th Panam-ch (w)"]
[Site "Montevideo URU"]
[Date "2012.11.25"]
[Round "2"]
[White "Fierro Baquero, Martha"]
[Black "Abarca Gonzalez, Damaris"]
[Result "1/2-1/2"]
[WhiteElo "2364"]
[BlackElo "2047"]
[EventDate "2012.11.24"]
[PlyCount "151"]

1.Nf3 Nf6 2.c4 c6 3.g3 d5 4.Bg2 Nbd7 5.O-O e6 6.b3 Be7 7.Bb2 O-O 8.d3 Re8 
9.Qc2 Bf8 10.e4 dxe4 11.dxe4 e5 12.Nbd2 Qc7 13.Bc3 a5 14.a3 b6 15.Rfd1 Ba6
16.b4 axb4 17.axb4 Bd6 18.Qd3 Bb7 19.Nh4 Rad8 20.Nf5 Bf8 21.Qc2 g6 22.Ne3 
h5 23.h4 Bg7 24.Qb2 Nh7 25.Nf3 Nhf8 26.Ra7 Qb8 27.Rda1 Ne6 28.Bh3 Nd4 29.
Bg2 Ne6 30.R7a2 Qc7 31.Rd1 c5 32.Nd5 Bxd5 33.cxd5 Nd4 34.Rda1 Qd6 35.Ra6 
Qf6 36.Ne1 Bf8 37.bxc5 Bxc5 38.Nd3 Nf3+ 39.Bxf3 Qxf3 40.Nxc5 Nxc5 41.R6a3 
Nxe4 42.Bxe5 Qf5 43.Bf4 Rxd5 44.Ra8 Rdd8 45.Rxd8 Rxd8 46.Qxb6 Rc8 47.Qb2 
Nf6 48.Qd2 Nd5 49.Bg5 f6 50.Be3 Nxe3 51.Qxe3 Qe5 52.Qb3+ Kf8 53.Rd1 Qe7 
54.Qd3 Kg7 55.Qd2 Re8 56.Qa5 Qe4 57.Qc5 Re7 58.Qd6 Qe6 59.Qd8 Rf7 60.Qb8 
Rf8 61.Qb5 Re8 62.Qc5 Re7 63.Qd4 Re8 64.Qa7+ Re7 65.Qb8 Re8 66.Qc7+ Re7 
67.Qd8 Rf7 68.Rc1 Qd7 69.Qb8 Qb7 70.Qf4 Qd7 71.Rb1 Qc7 72.Qf3 Re7 73.Qd3 
Qa5 74.Qd6 Re1+ 75.Rxe1 Qxe1+ 76.Kg2 1/2-1/2

[Event "10th Panam-ch (w)"]
[Site "Montevideo URU"]
[Date "2012.11.25"]
[Round "2"]
[White "Casusol Guzman, Cecilia Orilia"]
[Black "Heredia Serrano, Carla"]
[Result "0-1"]
[WhiteElo "1991"]
[BlackElo "2206"]
[EventDate "2012.11.24"]
[PlyCount "62"]

1.e4 e6 2.d4 d5 3.Nd2 Nf6 4.e5 Nfd7 5.Bd3 c5 6.c3 Nc6 7.Ne2 cxd4 8.cxd4 
Qb6 9.Nf3 f6 10.exf6 Nxf6 11.O-O Bd6 12.a3 O-O 13.Re1 e5 14.dxe5 Nxe5 15.
Nxe5 Bxe5 16.Ng3 Ng4 17.Be3 Nxe3 18.Qh5 Rxf2 19.Kh1 Bd4 20.Qxh7+ Kf7 21.
Qh5+ g6 22.Qh7+ Bg7 23.Rxe3 Qxe3 24.Bxg6+ Kf8 25.Qh4 Bd7 26.Qb4+ Qe7 27.
Qxb7 Rc8 28.Qxd5 Bc6 29.Qd3 Rd8 30.Qc4 Bxg2+ 31.Kg1 Bd4 0-1

[Event "10th Panam-ch (w)"]
[Site "Montevideo URU"]
[Date "2012.11.25"]
[Round "2"]
[White "Felix Vega, Aurora Edith"]
[Black "Aliaga Fernandez, Ingrid"]
[Result "0-1"]
[WhiteElo "1963"]
[BlackElo "2175"]
[EventDate "2012.11.24"]
[PlyCount "96"]

1.e4 c5 2.Nf3 d6 3.Nc3 a6 4.d4 cxd4 5.Nxd4 Nf6 6.Be2 e6 7.O-O Qc7 8.Be3 
Be7 9.f4 Nc6 10.Kh1 O-O 11.Bf3 Re8 12.Qe1 Na5 13.Bg1 Bf8 14.Rd1 Rb8 15.a4 
e5 16.fxe5 dxe5 17.Ncb5 axb5 18.Nxb5 Qxc2 19.Qxa5 Bd7 20.Rd2 Qb3 21.Nc3 
Qb4 22.Qb6 Bxa4 23.Ra1 Bc6 24.Qe3 Rbd8 25.Rad1 Rxd2 26.Rxd2 Qa5 27.Rd1 h6 
28.Bf2 Qa8 29.Bh4 Nh7 30.Be2 Be7 31.Bxe7 Rxe7 32.Bc4 Nf6 33.Rf1 Qc8 34.Qc5
Qc7 35.Bd3 Rd7 36.Qe3 Qd6 37.Rd1 Qd4 38.Qxd4 Rxd4 39.Ne2 Rb4 40.h3 Rxb2 
41.Re1 Rb4 42.Ng3 g6 43.Kg1 Kg7 44.Kf2 h5 45.Kf3 Rb3 46.Ke3 h4 47.Ne2 Bxe4
48.Nc1 Ra3 0-1

[Event "10th Panam-ch (w)"]
[Site "Montevideo URU"]
[Date "2012.11.25"]
[Round "2"]
[White "Colombo Sere, Camila"]
[Black "Sanchez Zambrano, Vanessa"]
[Result "1-0"]
[WhiteElo "2090"]
[BlackElo "1942"]
[EventDate "2012.11.24"]
[PlyCount "76"]

1.d4 Nf6 2.c4 g6 3.Nc3 Bg7 4.e4 d6 5.Be2 O-O 6.Bg5 a6 7.Qd2 c5 8.d5 b5 9.
cxb5 Qa5 10.bxa6 Nbd7 11.Nf3 Bxa6 12.O-O Rfb8 13.Bxa6 Rxa6 14.Rfe1 Ng4 15.
Bxe7 Nde5 16.Qe2 Rab6 17.Nxe5 Nxe5 18.Rf1 c4 19.Rab1 Nd3 20.e5 Bxe5 21.Ne4
Kg7 22.Qf3 Nf4 23.Bf6+ Bxf6 24.Nxf6 Kxf6 25.Qxf4+ Kg7 26.Qxc4 Rb5 27.Rfd1 
Kg8 28.Qc6 R5b6 29.Qc7 Qxa2 30.b4 Qe2 31.Re1 Qd3 32.Rbd1 Qb3 33.h3 Qxb4 
34.Re3 R6b7 35.Qc6 Qb5 36.Qxd6 Rd7 37.Qe5 Rbd8 38.Red3 Rd6 1-0

[Event "10th Panam-ch (w)"]
[Site "Montevideo URU"]
[Date "2012.11.25"]
[Round "2"]
[White "Vargas Talavera, Gabriela"]
[Black "Larrea Llorca, Maria Daniela"]
[Result "1-0"]
[WhiteElo "2055"]
[BlackElo "1652"]
[EventDate "2012.11.24"]
[PlyCount "49"]

1.d4 f5 2.e4 fxe4 3.Nc3 Nf6 4.Bg5 e6 5.Nxe4 Be7 6.Bxf6 Bxf6 7.Qh5+ g6 8.
Qh6 Qe7 9.Nxf6+ Qxf6 10.Nf3 Qf8 11.Qd2 Qg7 12.h4 Nc6 13.O-O-O Ne7 14.Bd3 
d6 15.Rde1 h6 16.Bc4 d5 17.Bb5+ c6 18.Bd3 O-O 19.Ne5 Nf5 20.Nxg6 Qxg6 21.
g4 Qxg4 22.Reg1 Qxg1+ 23.Rxg1+ Kh7 24.Qb4 Rg8 25.Qe7+ 1-0

[Event "10th Panam-ch (w)"]
[Site "Montevideo URU"]
[Date "2012.11.25"]
[Round "2"]
[White "Silva Rosas, Natalia"]
[Black "Martinez, Ayelen"]
[Result "0-1"]
[WhiteElo "1924"]
[BlackElo "2088"]
[EventDate "2012.11.24"]
[PlyCount "90"]

1.e4 c5 2.Nc3 e6 3.f4 Nc6 4.Nf3 Nge7 5.Bc4 g6 6.O-O Bg7 7.d3 O-O 8.Qe1 d5 
9.exd5 exd5 10.Bb3 a6 11.a3 b5 12.Kh1 Bb7 13.Ne2 c4 14.dxc4 dxc4 15.Ba2 
Nf5 16.c3 Re8 17.Qf2 Qd3 18.Neg1 Qd5 19.Bd2 Nd6 20.Bb1 Nd8 21.Bc2 Ne6 22.
Be3 f5 23.Rad1 Ne4 24.Bxe4 Qxe4 25.Nh3 Rad8 26.Rd2 Rxd2 27.Bxd2 Qd3 28.Be3
Nc7 29.Re1 Nd5 30.Bd2 Rxe1+ 31.Bxe1 Ne3 32.Kg1 Nd1 33.Qd2 Qxd2 34.Nxd2 
Nxb2 35.Nf1 Bf8 36.Bd2 Bxa3 37.Ne3 Bc5 38.Nf2 a5 39.Kf1 Kf7 40.h3 Ke6 41.
g3 Bf3 42.Ke1 b4 43.Nfd1 Nxd1 44.Nxd1 Bxd1 45.Kxd1 b3 0-1

[Event "10th Panam-ch (w)"]
[Site "Montevideo URU"]
[Date "2012.11.25"]
[Round "2"]
[White "Besso, Guadalupe"]
[Black "Feliciano Ebert, Vanessa"]
[Result "1/2-1/2"]
[WhiteElo "1744"]
[BlackElo "2267"]
[EventDate "2012.11.24"]
[PlyCount "83"]

1.d4 Nf6 2.c4 g6 3.Nc3 Bg7 4.e4 d6 5.f4 O-O 6.Nf3 Na6 7.Bd3 e5 8.fxe5 dxe5
9.d5 Qe7 10.O-O Bd7 11.a3 c5 12.Bg5 h6 13.Bh4 Qd6 14.Nb5 Bxb5 15.cxb5 Nc7 
16.Rc1 b6 17.Qe2 Nh5 18.Bg3 Rac8 19.Nd2 Qd7 20.a4 Nxg3 21.hxg3 h5 22.Nc4 
Ne8 23.a5 Rb8 24.axb6 axb6 25.Ra1 Nd6 26.Nxd6 Qxd6 27.Ra7 Ra8 28.Rfxf7 
Rxa7 29.Rxa7 Bh6 30.Bc4 Kh8 31.b3 Qf6 32.Rc7 Qg5 33.Qe1 Qg4 34.d6 h4 35.d7
hxg3 36.Rc8 Qxd7 37.Rxf8+ Bxf8 38.Qxg3 Qd4+ 39.Kh2 Qxe4 40.Bd3 Qf4 41.Qxf4
exf4 42.Bxg6 1/2-1/2

[Event "10th Panam-ch (w)"]
[Site "Montevideo URU"]
[Date "2012.11.25"]
[Round "2"]
[White "De Leon De San Vicente, Veronica"]
[Black "Nunez Marquina, Nataly Massiel"]
[Result "0-1"]
[WhiteElo "1690"]
[BlackElo "1933"]
[EventDate "2012.11.24"]
[PlyCount "110"]

1.c4 e5 2.Nc3 Nf6 3.g3 Bb4 4.Bg2 Nc6 5.e3 Bxc3 6.bxc3 e4 7.Qc2 Qe7 8.Ne2 
O-O 9.Nf4 Re8 10.Nd5 Nxd5 11.cxd5 Nb8 12.c4 d6 13.Rb1 Nd7 14.d3 exd3 15.
Qxd3 Nc5 16.Qd4 Bf5 17.Bb2 Nd3+ 18.Ke2 Nxb2 19.Rxb2 b6 20.Rc1 Qd7 21.Kf1 
Re7 22.Qd1 Rae8 23.Rd2 Re5 24.Rd4 Bh3 25.Rh4 Bxg2+ 26.Kxg2 Re4 27.Qh5 h6 
28.Rxe4 Rxe4 29.Qf3 Qe8 30.Qe2 Qe5 31.Qc2 a5 32.Qc3 Qe8 33.Rc2 f6 34.Rd2 
Qe7 35.Rd4 Qe5 36.Rd3 g5 37.Qxe5 Rxe5 38.Rd4 Kg7 39.g4 f5 40.h3 Kf6 41.Rd3
Re4 42.Rd4 Re8 43.a4 Ke5 44.f3 Kf6 45.Rd3 fxg4 46.hxg4 Kg6 47.Kg3 h5 48.
gxh5+ Kxh5 49.Kh3 g4+ 50.fxg4+ Kg5 51.Kg3 Re4 52.Rc3 Rxg4+ 53.Kf2 Rh4 54.
Kg2 Kf5 55.Kf3 Rh1 0-1

[Event "10th Panam-ch (w)"]
[Site "Montevideo URU"]
[Date "2012.11.25"]
[Round "2"]
[White "De Leon De San Vicente, Patricia"]
[Black "Costa Pasarello, Anaclara"]
[Result "1/2-1/2"]
[WhiteElo "1847"]
[BlackElo "1670"]
[EventDate "2012.11.24"]
[PlyCount "92"]

1.d4 e6 2.c4 f5 3.g3 Nf6 4.Bg2 d5 5.Nh3 c6 6.cxd5 exd5 7.Nc3 Bd6 8.Bf4 O-O
9.O-O Be6 10.Rb1 a5 11.a3 Qe7 12.Bxd6 Qxd6 13.b4 axb4 14.axb4 Nbd7 15.Nf4 
Ra3 16.Qc1 Rfa8 17.b5 Ne4 18.Nxe4 dxe4 19.bxc6 bxc6 20.Nxe6 Qxe6 21.e3 
R3a4 22.Qc3 Ra3 23.Qb4 R8a4 24.Qb7 Nf6 25.Rfc1 Ra6 26.Bf1 Ra7 27.Qxa7 Rxa7
28.Bc4 Nd5 29.Rb8+ Kf7 30.Rcb1 Rc7 31.Rh8 h6 32.Rbb8 Kg6 33.h4 Qd6 34.Be2 
Nxe3 35.h5+ Kf6 36.Rhf8+ Rf7 37.Rfd8 Qc7 38.Rbc8 Qb6 39.fxe3 Re7 40.Rf8+ 
Rf7 41.Rfd8 Qa5 42.Kf2 Qa4 43.Rd6+ Ke7 44.Rdxc6 Qa1 45.R8c7+ Kf8 46.Rc8+ 
Ke7 1/2-1/2

[Event "10th Panam-ch (w)"]
[Site "Montevideo URU"]
[Date "2012.11.25"]
[Round "2"]
[White "Miraballes Lopez, Carol"]
[Black "De San Vicente Yanes, Sabrina"]
[Result "1-0"]
[WhiteElo "1568"]
[BlackElo "1748"]
[EventDate "2012.11.24"]
[PlyCount "91"]

1.d4 d5 2.Nf3 e6 3.Bf4 f5 4.e3 Nf6 5.Bd3 Be7 6.Nbd2 O-O 7.O-O b6 8.c3 Ne4 
9.Ne5 Bb7 10.f3 Nxd2 11.Qxd2 Nd7 12.Nxd7 Qxd7 13.Be5 c5 14.b3 a5 15.c4 
dxc4 16.bxc4 cxd4 17.Bxd4 Bc5 18.Bxc5 bxc5 19.Rfd1 Rfd8 20.Qc2 Qe7 21.e4 
f4 22.e5 g6 23.Be4 Rxd1+ 24.Rxd1 Bxe4 25.Qxe4 Rd8 26.Rxd8+ Qxd8 27.h3 Qd1+
28.Kh2 Qd2 29.Qc6 Kf7 30.Qxc5 Qxa2 31.Qc7+ Ke8 32.Qxh7 a4 33.Qxg6+ Kd7 34.
Qf7+ Kc6 35.Qxe6+ Kc5 36.Qd5+ Kb4 37.e6 Qf2 38.Qd6+ Kb3 39.Qxf4 a3 40.e7 
a2 41.Qe5 Qf1 42.e8=Q a1=Q 43.Qxa1 Qxa1 44.c5 Qa5 45.Qe5 Kc4 46.h4 1-0

[Event "10th Panam-ch (w)"]
[Site "Montevideo URU"]
[Date "2012.11.25"]
[Round "3"]
[White "Heredia Serrano, Carla"]
[Black "Colombo Sere, Camila"]
[Result "1/2-1/2"]
[WhiteElo "2206"]
[BlackElo "2090"]
[EventDate "2012.11.24"]
[PlyCount "94"]

1.e4 e6 2.d4 d5 3.Nc3 Bb4 4.e5 Qd7 5.Nh3 b6 6.Nf4 Nc6 7.Be2 Bb7 8.O-O Nh6 
9.Nh5 Nf5 10.Nb5 Bf8 11.g4 Nfe7 12.a3 Ng8 13.Bg5 h6 14.Bh4 Na5 15.b3 a6 
16.Nc3 Ne7 17.Bd3 Nac6 18.Ne2 O-O-O 19.b4 Na7 20.a4 Kb8 21.c3 Rc8 22.a5 b5
23.Qc2 Ng8 24.Nc1 Be7 25.Bxe7 Qxe7 26.f4 Qh4 27.Qe2 g6 28.Ng3 Ne7 29.Nb3 
Rcd8 30.Nc5 Bc8 31.Rae1 h5 32.g5 Qh3 33.Qg2 Qxg2+ 34.Kxg2 Rde8 35.h3 Nac6 
36.Rf2 Ka7 37.Be2 Nd8 38.Bf3 c6 39.h4 Nf5 40.Nxf5 exf5 41.Bd1 Ne6 42.Kg3 
Nxc5 43.dxc5 Be6 44.Rd2 Rd8 45.Be2 Kb7 46.Red1 Kc7 47.Rd4 Rb8 1/2-1/2

[Event "10th Panam-ch (w)"]
[Site "Montevideo URU"]
[Date "2012.11.25"]
[Round "3"]
[White "Aliaga Fernandez, Ingrid"]
[Black "Vargas Talavera, Gabriela"]
[Result "1/2-1/2"]
[WhiteElo "2175"]
[BlackElo "2055"]
[EventDate "2012.11.24"]
[PlyCount "132"]

1.e4 e6 2.d4 d5 3.Nc3 Nf6 4.e5 Nfd7 5.f4 c5 6.Nf3 Nc6 7.Be3 a6 8.Qd2 b5 9.
dxc5 Bxc5 10.Bxc5 Nxc5 11.Qf2 Qb6 12.Bd3 Rb8 13.O-O Na4 14.Nd1 Qxf2+ 15.
Kxf2 Ke7 16.g4 Bd7 17.Ke3 Nc5 18.Nc3 Nb4 19.Nd4 Nbxd3 20.cxd3 b4 21.Nce2 
h5 22.Rac1 Rbc8 23.g5 g6 24.Rc2 Na4 25.Rfc1 Rxc2 26.Rxc2 Ra8 27.b3 Nb6 28.
Rc7 Kd8 29.Rc5 a5 30.h4 Nc8 31.f5 exf5 32.Nf4 Ne7 33.Nxd5 Nxd5+ 34.Rxd5 
Ke7 35.Rd6 Rc8 36.Rd5 Rc1 37.Rxa5 Rh1 38.Nf3 Bc6 39.Ra7+ Ke8 40.Rc7 Bxf3 
41.Kxf3 Rh3+ 42.Ke2 Rxh4 43.Rc4 Rh2+ 44.Kf3 Rxa2 45.Rxb4 Ke7 46.d4 h4 47.
d5 Rd2 48.Rb7+ Ke8 49.e6 fxe6 50.dxe6 h3 51.Rh7 Rd6 52.Rh6 Rxe6 53.Rxh3 
Rb6 54.Kf4 Ke7 55.Re3+ Re6 56.Rc3 Re4+ 57.Kf3 Rg4 58.Rc6 Rxg5 59.b4 Rg4 
60.b5 Kd7 61.Rf6 Kc7 62.Ke3 Kb7 63.b6 Ka6 64.Kf3 Kb7 65.Ke3 Rg1 66.Kf2 Rg4
1/2-1/2

[Event "10th Panam-ch (w)"]
[Site "Montevideo URU"]
[Date "2012.11.25"]
[Round "3"]
[White "Martinez, Ayelen"]
[Black "Fierro Baquero, Martha"]
[Result "0-1"]
[WhiteElo "2088"]
[BlackElo "2364"]
[EventDate "2012.11.24"]
[PlyCount "138"]

1.e4 c5 2.Nf3 g6 3.d4 Bg7 4.d5 d6 5.c4 Nf6 6.Nc3 O-O 7.Bd3 Na6 8.O-O Nc7 
9.Re1 e5 10.dxe6 Nxe6 11.h3 Nd7 12.Nd5 b6 13.Rb1 Bb7 14.b3 Ne5 15.Nxe5 
Bxe5 16.f4 Bd4+ 17.Kh2 Re8 18.Qg4 Bxd5 19.cxd5 Ng7 20.Qf3 a6 21.Bb2 Bxb2 
22.Rxb2 Nf5 23.Bxa6 Rxa6 24.Qf1 Qh4 25.Reb1 Qg3+ 26.Kg1 Rea8 27.exf5 Rxa2 
28.fxg6 hxg6 29.Qf2 Qxf2+ 30.Kxf2 b5 31.Kf3 Kg7 32.g4 Kf6 33.h4 Rxb2 34.
Rxb2 Ra1 35.Re2 Rd1 36.g5+ Kg7 37.f5 gxf5 38.h5 Rh1 39.h6+ Kg6 40.Re8 Kxg5
41.Rg8+ Kf6 42.Rh8 Ke5 43.h7 Kxd5 44.Kf4 Rh5 45.Ke3 c4 46.Rb8 Rh3+ 47.Kd2 
Rxh7 48.Rxb5+ Ke4 49.bxc4 Rh2+ 50.Ke1 f4 51.Rb7 Rc2 52.Rxf7 Rxc4 53.Kd2 
Ra4 54.Rf8 Ra2+ 55.Ke1 Ra5 56.Kd2 Kf3 57.Rd8 Kf2 58.Rxd6 f3 59.Kd3 Re5 60.
Ra6 Kg2 61.Kd4 Re1 62.Rg6+ Kf1 63.Kd3 f2 64.Rg8 Re5 65.Kd2 Rd5+ 66.Kc2 Ke2
67.Re8+ Kf3 68.Rf8+ Ke3 69.Re8+ Kf4 0-1

[Event "10th Panam-ch (w)"]
[Site "Montevideo URU"]
[Date "2012.11.25"]
[Round "3"]
[White "Abarca Gonzalez, Damaris"]
[Black "Casusol Guzman, Cecilia Orilia"]
[Result "0-1"]
[WhiteElo "2047"]
[BlackElo "1991"]
[EventDate "2012.11.24"]
[PlyCount "163"]

1.e4 c5 2.Nc3 d6 3.g3 Nc6 4.Bg2 g6 5.d3 Bg7 6.h3 Nf6 7.Be3 O-O 8.Qd2 Rb8 
9.Bh6 e6 10.Bxg7 Kxg7 11.Nge2 d5 12.O-O d4 13.Nd1 b5 14.f4 Qc7 15.g4 h6 
16.Nf2 Rd8 17.h4 h5 18.g5 Ne8 19.Ng3 Kh7 20.Nh3 Ng7 21.Qe2 c4 22.a3 Na5 
23.Rac1 Ba6 24.b4 Nc6 25.Bf3 Rh8 26.Qf2 Rbd8 27.Be2 Ne7 28.Rfd1 c3 29.Bf3 
Bc8 30.Bg2 Bb7 31.Kh1 Qd7 32.Ng1 Rhf8 33.Nf3 Nc6 34.Ne2 a6 35.Rb1 Qd6 36.
Qg3 Rfe8 37.Bh3 Bc8 38.Nc1 Bb7 39.Nb3 Ra8 40.Nc5 Bc8 41.Re1 a5 42.Ne5 axb4
43.axb4 Rf8 44.Nxc6 Qxc6 45.Qf2 Ra2 46.Bg2 Qd6 47.Ra1 Rb2 48.Reb1 Qb8 49.
Rxb2 cxb2 50.Rb1 e5 51.Rxb2 exf4 52.Bf3 Bg4 53.Bxg4 hxg4 54.Nd7 g3 55.
Nxf8+ Qxf8 56.Qxf4 Nh5 57.Qf3 Kg7 58.Rb1 Qc8 59.Rb2 Qh3+ 60.Kg1 Qh2+ 61.
Kf1 g2+ 62.Qxg2 Qf4+ 63.Ke2 Qc1 64.Qh2 Qxb2 65.Qe5+ Kh7 66.Qc7 Kg7 67.Qe5+
Kh7 68.Qc7 Qc1 69.e5 Ng7 70.Qxf7 Qxc2+ 71.Ke1 Qc1+ 72.Ke2 Qe3+ 73.Kd1 
Qxd3+ 74.Ke1 Qe3+ 75.Kd1 Qg1+ 76.Kd2 Qh2+ 77.Kd3 Qxe5 78.Kd2 Qe3+ 79.Kd1 
Qd3+ 80.Ke1 Qc3+ 81.Kd1 d3 82.Qxg6+ 0-1

[Event "10th Panam-ch (w)"]
[Site "Montevideo URU"]
[Date "2012.11.25"]
[Round "3"]
[White "Besso, Guadalupe"]
[Black "Felix Vega, Aurora Edith"]
[Result "0-1"]
[WhiteElo "1744"]
[BlackElo "1963"]
[EventDate "2012.11.24"]
[PlyCount "68"]

1.d4 Nf6 2.c4 g6 3.Nc3 Bg7 4.e4 O-O 5.f4 d6 6.Nf3 Nbd7 7.Bd3 c5 8.d5 a6 9.
O-O Qc7 10.Qe2 b5 11.cxb5 Nb6 12.h3 c4 13.Bc2 axb5 14.Be3 Bd7 15.a3 Rfb8 
16.Rad1 b4 17.axb4 Na4 18.Bxa4 Bxa4 19.Nxa4 Rxa4 20.Bd2 Nh5 21.Qf2 Bxb2 
22.Nd4 Nf6 23.Nc6 c3 24.Be3 Nxe4 25.Qc2 Rbxb4 26.Nxb4 Rxb4 27.Bd4 f5 28.g4
Rxd4 29.Rxd4 Qb6 30.Rd1 Nd2 31.Qa4 Qxd4+ 32.Qxd4 Nf3+ 33.Kg2 Nxd4 34.Rxd4 
c2 0-1

[Event "10th Panam-ch (w)"]
[Site "Montevideo URU"]
[Date "2012.11.25"]
[Round "3"]
[White "Sanchez Zambrano, Vanessa"]
[Black "Perez Cardozo, Cecilia Manuela"]
[Result "1-0"]
[WhiteElo "1942"]
[BlackElo "1603"]
[EventDate "2012.11.24"]
[PlyCount "29"]

1.d4 e6 2.c4 f5 3.Nf3 Nf6 4.Nc3 Be7 5.d5 exd5 6.cxd5 Bd6 7.e3 O-O 8.Bd3 
Ng4 9.O-O Na6 10.Nb5 Be7 11.d6 Bf6 12.Bxf5 cxd6 13.Bxg4 b6 14.Qd5+ Kh8 15.
Qxa8 1-0